| 000 | 00896nam a2200229 i 4500 | ||
|---|---|---|---|
| 001 | 182672 | ||
| 003 | ES-MaACL | ||
| 005 | 20250902225551.0 | ||
| 008 | 131009s2012 sp | |||||||| | spa d | ||
| 020 | _a978-84-92705-20-7 | ||
| 080 | _a821.134.2(85)-14"19" | ||
| 100 | 1 |
_aBelli, Carlos Germán, _d1927- _927208 |
|
| 245 | 1 | 4 |
_aLos dioses domésticos y otras páginas / _cCarlos Germán Belli. |
| 260 |
_aSevilla : _bSibilina : _bFundación BBVA, _cimp. 2012. |
||
| 300 |
_a64 p. ; _c21 cm. |
||
| 490 | 1 |
_aBiblioteca Sibila-Fundación BBVA de poesía en español ; _v31. Inédito |
|
| 830 | 0 |
_aBiblioteca Sibila-Fundación BBVA de poesía en español ; _v31. Inédito _9191809 |
|
| 852 |
_aES-MaACL _jA-12838 _9189589 _bR.149052 _cDEPO1 _dOlim: N-5838 _xDonación: Fundación BBVA |
||
| 914 |
_aFundación BBVA _ednr _94230 |
||
| 942 |
_2udc _cMONOGRAFIA |
||
| 999 |
_c182672 _d182672 |
||